| 000 | 01255nam a2200409 a 4500 | ||
|---|---|---|---|
| 003 | AR-BaBNM | ||
| 005 | 20251128203508.0 | ||
| 008 | 082120s2002 ||||||||||||||000 | spa|| | ||
| 020 | _a84-306-9796-9 | ||
| 040 | _cAR-BaBNM | ||
| 245 | 0 | 0 |
_aHistoria de la vida privada _bla revolución francesa y el asentamiento de la sociedad burguesa. 7 |
| 250 | _a1ª ed. | ||
| 260 |
_aMadrid _bTaurus _c1992 |
||
| 300 |
_a330 p. _bil. |
||
| 500 | _aContiene referencias bibliográficas en p. 313 | ||
| 500 | _aIndice onomástico en p. 321 | ||
| 500 | _aIndice temático en p. 326 | ||
| 650 | 4 | _aSOCIOLOGIA CULTURAL | |
| 650 | 4 | _aVIDA FAMILIAR | |
| 650 | 4 | _aANTROPOLOGIA CULTURAL Y SOCIAL | |
| 650 | 4 | _aVIDA SOCIAL | |
| 650 | 4 | _aVIDA COTIDIANA | |
| 650 | 4 | _aCOSTUMBRES Y TRADICIONES | |
| 650 | 4 | _aMONARQUIA | |
| 650 | 4 | _aHISTORIA MODERNA | |
| 650 | 4 | _aBURGUESIA | |
| 653 | _aREVOLUCION FRANCESA | ||
| 700 | 1 |
_aAriès, Philippe _edirector |
|
| 700 | 1 |
_aDuby, Georges _edirector |
|
| 700 | 1 |
_aPérez Gutiérrez, Francisco _etraductor |
|
| 700 | 1 |
_aGarcía, Beatriz _etraductor |
|
| 700 | 1 |
_aHall, Catherine _ecolaborador |
|
| 700 | 1 |
_aHunt, Lynn _ecolaborador |
|
| 700 | 1 |
_aPerrot, Michelle _ecolaborador |
|
| 942 | _cBK | ||
| 998 | _cMARTIN | ||
| 999 |
_c3651 _d3651 |
||